书目信息 |
| 题名: |
历史上的大冒险
|
|
| 作者: | 董媛媛 编著 | |
| 分册: | ||
| 出版信息: | 北京 中国发展出版社 2007.10 |
|
| 页数: | 204页 | |
| 开本: | 24cm | |
| 丛书名: | 传奇经典系列 | |
| 单 册: | ||
| 中图分类: | N81-49 | |
| 科图分类: | ||
| 主题词: | 探险--tan xian--世界--普及读物 | |
| 电子资源: | ||
| ISBN: | 978-7-80234-072-5 | |
| 000 | 01091nam 2200253 450 | |
| 001 | 012009676486 | |
| 005 | 20090103140628.81 | |
| 010 | @a978-7-80234-072-5@dCNY29.00 | |
| 100 | @a20090103d2007 em y0chiy0120 ea | |
| 101 | 0 | @achi |
| 102 | @aCN@b110000 | |
| 105 | @aa z 000yy | |
| 106 | @ar | |
| 200 | 1 | @a历史上的大冒险@Ali shi shang de da mao xian@f董媛媛编著@Fdong yuan yuan bian zhu |
| 210 | @a北京@c中国发展出版社@d2007.10 | |
| 215 | @a204页@c图@d24cm | |
| 225 | 2 | @a传奇经典系列@Achuan qi jing dian xi lie |
| 330 | @a本书作为一本介绍历史上的大冒险的书,我们从“大”出发,选取了在世界历史上产生了重大影响的10大冒险,如马可·波罗东游记,向海洋进军--葡萄牙航海王子亨利,达·迦马“发现”印度,悲壮的死亡之旅--白令的美洲探航,麦哲伦的环球航行,库克船长的探险,刘易斯探索美国西部,李文斯顿的非洲传教与探险,北极的探索之旅,探索南极等,并配有许多珍贵的历史资料。 | |
| 410 | 0 | @12001 @a传奇经典系列 |
| 606 | 0 | @a探险@Atan xian@y世界@j普及读物 |
| 690 | @aN81-49@v4 | |
| 701 | 0 | @a董媛媛@Adong yuan yuan@4编著 |
| 801 | 0 | @aCN@bQSSK@c20090103 |
| 905 | @b736570-72@dN81-49@eD754@f3 | |
| 历史上的大冒险/董媛媛编著.-北京:中国发展出版社,2007.10 |
| 204页:图;24cm.-(传奇经典系列) |
| ISBN 978-7-80234-072-5:CNY29.00 |
| 本书作为一本介绍历史上的大冒险的书,我们从“大”出发,选取了在世界历史上产生了重大影响的10大冒险,如马可·波罗东游记,向海洋进军--葡萄牙航海王子亨利,达·迦马“发现”印度,悲壮的死亡之旅--白令的美洲探航,麦哲伦的环球航行,库克船长的探险,刘易斯探索美国西部,李文斯顿的非洲传教与探险,北极的探索之旅,探索南极等,并配有许多珍贵的历史资料。 |
| ● |
| 相关链接 |
|
|
|
正题名:历史上的大冒险
索取号:N81-49/D754
 
预约/预借
| 序号 | 登录号 | 条形码 | 馆藏地/架位号 | 状态 | 备注 |
| 1 | 736570 | 207365705 | 期刊室512/401自科库 141排2列1层/ [索取号:N81-49/D754] | 在馆 | |
| 2 | 736571 | 207365714 | 期刊室512/401自科库 141排2列1层/ [索取号:N81-49/D754] | 在馆 | |
| 3 | 736572 | 207365723 | 自科库401/401自科库 141排2列6层/ [索取号:N81-49/D754] | 在馆 |